000
00319nam a22001457a 4500
008
210527b ||||| |||| 00| 0 eng d
020
_a
9781931536189
041
_a
eng
080
_a
72
082
_a
72
100
_a
41
101
_a
ARK
245
_a
The Art of Interior Architecture
_c
Jen Renzi
942
_2
udc
_c
BK
999
_c
57704
_d
57704